Public finance and public policy (Record no. 18167)
[ view plain ]
| 000 -LEADER | |
|---|---|
| fixed length control field | 00579nam a22002057a 4500 |
| 008 - FIXED-LENGTH DATA ELEMENTS--GENERAL INFORMATION | |
| fixed length control field | 200124b xxu||||| |||| 00| 0 eng d |
| 020 ## - INTERNATIONAL STANDARD BOOK NUMBER | |
| International Standard Book Number | 1319154165 |
| 040 ## - CATALOGING SOURCE | |
| Original cataloging agency | KABU |
| Transcribing agency | KABU |
| 050 ## - LIBRARY OF CONGRESS CALL NUMBER | |
| Classification number | HJ141 |
| Item number | .G78 2016 c. 1 |
| 100 ## - MAIN ENTRY--PERSONAL NAME | |
| Personal name | Gruber, Jonathan |
| 245 ## - TITLE STATEMENT | |
| Title | Public finance and public policy |
| Statement of responsibility, etc. | Jonathan Gruber |
| 250 ## - EDITION STATEMENT | |
| Edition statement | 5th ed. |
| 260 ## - PUBLICATION, DISTRIBUTION, ETC. (IMPRINT) | |
| Place of publication, distribution, etc. | New York |
| Name of publisher, distributor, etc. | Worth Publishers |
| Date of publication, distribution, etc. | 2016 |
| 300 ## - PHYSICAL DESCRIPTION | |
| Extent | 3 vol. (various paging). |
| 650 ## - SUBJECT ADDED ENTRY--TOPICAL TERM | |
| Topical term or geographic name as entry element | Finance, public |
| 650 ## - SUBJECT ADDED ENTRY--TOPICAL TERM | |
| Topical term or geographic name as entry element | Fiscal policy |
| 650 ## - SUBJECT ADDED ENTRY--TOPICAL TERM | |
| Topical term or geographic name as entry element | Public welfare |
| General subdivision | Finance |
| 650 ## - SUBJECT ADDED ENTRY--TOPICAL TERM | |
| Topical term or geographic name as entry element | Taxation |
| 942 ## - ADDED ENTRY ELEMENTS (KOHA) | |
| Source of classification or shelving scheme | Library of Congress Classification |
| Koha item type | General Collection |
| Classification part | HJ141 |
| Withdrawn status | Lost status | Source of classification or shelving scheme | Not for loan | Home library | Current library | Date acquired | Cost, normal purchase price | Total Checkouts | Full call number | Barcode | Date last seen | Copy number | Price effective from | Koha item type | Total Renewals | Date last checked out |
|---|---|---|---|---|---|---|---|---|---|---|---|---|---|---|---|---|
| Library of Congress Classification | Kabarak, Main Campus | Kabarak, Main Campus | 24/01/2020 | 7665.00 | HJ141 .G78 2016 c. 1 | 028174 | 24/01/2020 | c. 1 | 24/01/2020 | General Collection | ||||||
| Library of Congress Classification | Kabarak, Main Campus | Kabarak, Main Campus | 24/01/2020 | 7665.00 | 1 | HJ141 .G78 2016 c. 2 | 028175 | 21/09/2021 | c. 2 | 24/01/2020 | General Collection | 1 | 27/08/2021 | |||
| Library of Congress Classification | Kabarak, Main Campus | Kabarak, Main Campus | 24/01/2020 | 7665.00 | HJ141 .G78 2016 c. 3 | 028176 | 24/01/2020 | c. 3 | 24/01/2020 | General Collection |